000 00509nam a22001697a 4500
005 20251108172938.0
008 250721s9999 xx 000 0 ara d
082 1 4 _a910/عزي
100 1 _aالعزيزي، هاني عبد الرحيم
245 1 0 _aجغرافيا للجميع : 50 نشاط علمي مفيد /
264 1 _aعمان :
_bدار النبراس،
300 _a163ص
650 1 7 _aالجغرافيا
650 1 7 _aالتوزيع الجغرافي
942 _2ddc
_cBK
999 _c92475
_d92475